Preliminary and sundries bill (Record no. 99789)
[ view plain ]
| 000 -LEADER | |
|---|---|
| fixed length control field | 00859cam a22002175a 4500 |
| 001 - CONTROL NUMBER | |
| control field | ##J100739 |
| 008 - FIXED-LENGTH DATA ELEMENTS--GENERAL INFORMATION | |
| fixed length control field | 000000s1911 000 0 eng u |
| 035 ## - SYSTEM CONTROL NUMBER | |
| System control number | (Sirsi) u100739 |
| 041 0# - LANGUAGE CODE | |
| Language code of text/sound track or separate title | eng |
| 050 04 - LIBRARY OF CONGRESS CALL NUMBER | |
| Classification number | 328.3658 $2 2 |
| 110 2# - MAIN ENTRY--CORPORATE NAME | |
| Corporate name or jurisdiction name as entry element | Quantity Surveyors' Association |
| 9 (RLIN) | 3787 |
| 245 00 - TITLE STATEMENT | |
| Title | Preliminary and sundries bill |
| Remainder of title | March 1911 |
| 260 ## - PUBLICATION, DISTRIBUTION, ETC. | |
| Place of publication, distribution, etc. | London |
| Name of publisher, distributor, etc. | Quantity Surveyors' Association |
| Date of publication, distribution, etc. | 1911 |
| 300 ## - PHYSICAL DESCRIPTION | |
| Extent | 10p. |
| Dimensions | 22cm. |
| 490 0# - SERIES STATEMENT | |
| Series statement | Uniformity of Custom |
| Volume/sequential designation | 2 |
| 520 ## - SUMMARY, ETC. | |
| Summary, etc. | Suggestions for items to be embodied in all preliminary bills based upon the Conditions of Contract issued by the Royal Institute of British Architects, the Institute of Builders and the National Federation of Building Trade Employers for Great Britain. |
| 650 24 - SUBJECT ADDED ENTRY--TOPICAL TERM | |
| Topical term or geographic name entry element | CONDITIONS OF CONTRACT |
| 651 #4 - SUBJECT ADDED ENTRY--GEOGRAPHIC NAME | |
| Geographic name | Great Britain |
| Chronological subdivision | 1707- |
| 690 ## - LOCAL SUBJECT ADDED ENTRY--TOPICAL TERM (OCLC, RLIN) | |
| Topical term or geographic name as entry element | Quantity surveying |
| 9 (RLIN) | 6263 |
| 942 ## - ADDED ENTRY ELEMENTS (KOHA) | |
| Suppress in OPAC | 0 |
| Withdrawn status | Lost status | Source of classification or shelving scheme | Damaged status | Not for loan | Home library | Current library | Shelving location | Date acquired | Total Checkouts | Full call number | Barcode | Date last seen | Copy number | Price effective from | Koha item type |
|---|---|---|---|---|---|---|---|---|---|---|---|---|---|---|---|
| Dewey Decimal Classification | Historic collection | Historic collection | RICS Boxes | 22/10/1999 | RICS 1911/1 | 30059618 | 06/08/2019 | 1 | 06/08/2019 | Archive |